Tiny little man = Hombre pequeñito /
Guardat en:
| Autor principal: | |
|---|---|
| Altres autors: | , |
| Format: | Electrònic eBook |
| Idioma: | anglès espanyol |
| Publicat: |
Providencia, Santiago de Chile :
RiL editores,
[2022]
|
| Edició: | Bilingual edition = Edición bilingüe. |
| Col·lecció: | Horizon carré (RiL Editores) ;
2. |
| Matèries: | |
| Accés en línia: | Digitalia Hispánica |
| Etiquetes: |
Afegir etiqueta
Sense etiquetes, Sigues el primer a etiquetar aquest registre!
|
MARC
| LEADER | 00000nam a2200000 i 4500 | ||
|---|---|---|---|
| 001 | DIGRILEDIT1371 | ||
| 003 | NyNyDIG | ||
| 007 | cr ||||||||||| | ||
| 008 | 230801s2022 cl o 000 p eng d | ||
| 006 | m o d | ||
| 035 | |a (OCoLC)1393996618 | ||
| 040 | |a DGITA |b eng |e rda |e pn |c DGITA | ||
| 020 | |z 9788418982606 | ||
| 041 | 1 | |a eng |a spa |h spa | |
| 050 | 1 | 4 | |a PQ7797.S74 ebook |
| 100 | 1 | |a Storni, Alfonsina, |d 1892-1938, |e author. | |
| 245 | 1 | 0 | |a Tiny little man = |b Hombre pequeñito / |c Alfonsina Storni ; translation, Brianna Salinas ; selection and introduction, Marisa Martínez Pérsico. |
| 246 | 3 | 1 | |a Hombre pequeñito |
| 250 | |a Bilingual edition = Edición bilingüe. | ||
| 264 | 1 | |a Providencia, Santiago de Chile : |b RiL editores, |c [2022] | |
| 300 | |a 1 online resource. | ||
| 336 | |a text |b txt |2 rdacontent | ||
| 337 | |a computer |b c |2 rdamedia | ||
| 338 | |a online resource |b cr |2 rdacarrier | ||
| 347 | |a text file |2 rdaft | ||
| 347 | |b PDF | ||
| 490 | 1 | |a Horizon carré ; |v 2 | |
| 500 | |a "University of Washington ; Fundación Vicente Huidobro." | ||
| 588 | 0 | |a Online resource; title from PDF title page (Digitalia, viewed August 1, 2023) | |
| 655 | 7 | |a Poetry. |2 lcgft | |
| 700 | 1 | |a Salinas, Brianna, |e translator. | |
| 700 | 1 | |a Martínez Pérsico, Marisa E., |e contributor agent of text. | |
| 700 | 1 | 2 | |i Container of (work): |a Storni, Alfonsina, |d 1892-1938. |t Hombre pequeñito. |
| 700 | 1 | 2 | |i Container of (expression): |a Storni, Alfonsina, |d 1892-1938. |t Hombre pequeñito. |l English |s (Salinas) |
| 791 | 2 | |a Digitalia (Firm), |e distributor. | |
| 793 | 0 | |g Digitalia eBook Collection: |a Ril Editores | |
| 776 | 0 | 8 | |i Print version: |a Storni, Alfonsina, 1892-1938. |t Tiny little man. |b First edition. |d Providencia, Santiago de Chile : RiL editores, [2022] |z 9788418982606 |
| 830 | 0 | |a Horizon carré (RiL Editores) ; |v 2. | |
| 856 | 4 | 0 | |3 Digitalia Hispánica |u https://digitalia.unach.elogim.com/a/117237/ |
| 910 | |a Premium collection: 2023 | ||